000 00670nam a2200229 a 4500
999 _c3596
_d3596
001 3596
003 BD-JhCC
005 20171115125133.0
008 171115s2001 bg |||| |||| 000 0 ben d
020 _a9844583551
035 _a(BD-JhCC)3596
040 _aBD-JhCC
_dBD-JhCC
041 _aben
082 _a891.4415
_bKAM 2001
100 _aকামাল, সুফিয়া
245 _aস্বনির্বাচিত কবিতা /
_cসুফিয়া কামাল,
260 _aঢাকা :
_bসময় প্রকাশন,
_c2001.
300 _a183 p. :
_c22 cm.
650 _aSelected Poems
942 _2ddc
_cBK